000 00448nam a22001697a 4500
003 NUST
005 20240305154758.0
008 240305b ||||| |||| 00| 0 eng d
020 _a9789382252238
082 _a621.38103
100 _aSahoo, Gangadhar
_9121860
245 _aEncyclopedia of electronics vol 1
260 _aNew Delhi
_bPBI
_c2013
300 _av, 294p. :
_e22 cm
650 _aEncyclopedia of electronics
_9121861
942 _cBK
_2ddc
999 _c12127
_d12127